|
|
|
|
| LEADER |
00000nab a2200000 4500 |
| 001 |
vtls011914414 |
| 003 |
SK-MaSNL |
| 005 |
20260305015717.0 |
| 008 |
200130|2019 xo |||| || ||00 0|slo |
| 015 |
|
|
|a SNBRA2020/01
|
| 040 |
|
|
|a DSZK
|b slo
|c DSZK
|e rda
|
| 041 |
|
|
|a slo
|a hun
|
| 043 |
|
|
|a e-xo---
|
| 044 |
|
|
|a xo
|c SK
|
| 072 |
|
7 |
|a 069
|x Múzeá. Muzeológia. Múzejníctvo. Výstavy
|2 konspekt
|
| 080 |
|
|
|a 069.44
|x (437.612)
|2 2011
|
| 245 |
0 |
0 |
|a Stručný prehľad zreštaurovaných zbierkových predmetov z fondu Žitnoostrovského múzea v Dunajskej Strede v obdoví od 2005 - 2019
|c zostavila Olga Bevilagua
|
| 300 |
|
|
|b Fotografie
|
| 336 |
|
|
|a text
|b txt
|2 rdacontent
|
| 337 |
|
|
|a bez média
|b n
|2 rdamedia
|
| 338 |
|
|
|a zväzok
|b nc
|2 rdacarrier
|
| 546 |
|
|
|a Súbežný text v maďarčine
|
| 610 |
2 |
7 |
|a Žitnoostrovské múzeum v Dunajskej Strede
|2 SNKKA
|9 194677
|
| 648 |
|
7 |
|a 2005-2019
|2 dszk
|9 363936
|
| 650 |
0 |
7 |
|a zbierkové predmety
|2 SNKPH
|9 30269
|
| 650 |
0 |
7 |
|a reštaurovanie múzejných exponátov
|2 SNKPH
|9 100162
|
| 651 |
|
7 |
|a Dunajská Streda (Slovensko)
|2 SNKPHgeo
|9 17375
|
| 700 |
1 |
|
|a Bevilagua, Olga
|4 com
|9 536124
|
| 773 |
0 |
|
|t Spravodaj múzea = Múzeumi híradó. Ročník XXIV 2015-2019
|d Dunajská Sreda : Žitnoostrovské múzeum, 2019
|g S. 27-43
|z 9788097167424
|
| 958 |
|
|
|a SK
|
| 958 |
|
|
|a HU
|
| 958 |
|
|
|a RG
|
| 999 |
|
|
|c 3276686
|d 3278616
|